• 首页
  • 本馆介绍
  • 公告通知
  • 最新文献
  • 馆藏检索
  • 电子资源
  • 读者导购
  • 参考咨询
  • 我的图书馆
  • 登录
  • 详细信息显示
  • 放入我的书架
  • 预约/预借图书
  • 作者相关作品
  • 分类相关作品
  • 丛书相关作品
  • 出版社相关作品

书目信息

  • 表格格式
  • 工作单格式
  • 卡片格式
题名:
华人家族企业的制度变迁
    
 
作者: 庄培章 著
分册:  
出版信息: 北京   社会科学文献出版社  2007
页数: 251页
开本: 23cm
丛书名:
单 册:
中图分类: F276.5
科图分类:
主题词: 华人--家族--私营企业--企业管理制度--研究 , 华人 , 家族 , 私营企业 , 企业管理制度
电子资源:
ISBN: 978-7-80230-720-9
000 01165nam0 2200289 450
001 1157906674
005 20111004160617.53
010    @a978-7-80230-720-9@dCNY28.00
100    @a20070712d2007 em y0chiy50 ea
101 0  @achi
102    @aCN@b110000
105    @ay z 000yy
200 1  @a华人家族企业的制度变迁@Ahua ren jia zu qi ye de zhi du bian qian@dThe institutional evolution of Chinese family businesses@f庄培章著@zeng
210    @a北京@c社会科学文献出版社@d2007
215    @a251页@d23cm
300    @a福建省高校人文社会科学研究基地(华侨大学数量经济研究中心)基金资助 华侨大学施子清教师学术著作出版基金资助
330    @a本书从经济学、管理学、文化学等角度去探究华人家族企业的制度变迁,系统分析华人家族企业存在和发展的文化背景和历史过程,运用制度经济学基本原理阐释华人家族企业的演化和嬗变。
510 1  @aInstitutional evolution of Chinese family businesses@zeng
606 0  @a华人@x家族@x私营企业@x企业管理制度@x研究
606 0  @a华人
606 0  @a家族
606 0  @a私营企业
606 0  @a企业管理制度
690    @aF276.5@v4
701  0 @a庄培章@Azhuang pei zhang@f(1964~)@4著
801  0 @aCN@bNLC@c20101222
905    @a10447@dF276.5@eJY127
    
    华人家族企业的制度变迁=The institutional evolution of Chinese family businesses/庄培章著.-北京:社会科学文献出版社,2007
    251页;23cm
    福建省高校人文社会科学研究基地(华侨大学数量经济研究中心)基金资助 华侨大学施子清教师学术著作出版基金资助
    
    ISBN 978-7-80230-720-9:CNY28.00
    本书从经济学、管理学、文化学等角度去探究华人家族企业的制度变迁,系统分析华人家族企业存在和发展的文化背景和历史过程,运用制度经济学基本原理阐释华人家族企业的演化和嬗变。
●
相关链接 在E读中查询图书 在五车中查询图书 在当当中查询图书 在豆瓣中查询图书


正题名:华人家族企业的制度变迁     索取号:F276.5/JY127         预约/预借

序号 登录号 条形码 馆藏地/架位号 状态 备注
1 7813763   278137632   学院路分馆/ [索取号:F276.5/JY127] 在馆    
2 7813764   278137641   学院路分馆/ [索取号:F276.5/JY127] 在馆    
唐山师范学院图书馆 欢迎您!
大连网信软件有限公司© 版权所有